General Lucio Blanco Int. Airport Destinations (Reynosa, Mexico) - Statistics

General Stats
  • This quiz has been taken 13 times
    8 since last reset
  • The average score is 4 of 5
Answer Stats
Airline Destination % Correct
Viva Cancún
100%
Viva/Volaris Guadalajara
100%
Aeroméxico/Aeroméxico Connect/Viva Mexico City
100%
Viva Mexico City (AIFA)
63%
Viva Veracruz
25%
No matching quizzes found
Score Distribution
Percent of People with Each Score
Percentile by Number Answered
Your Score History
You have not taken this quiz since the last reset